|
|
|
|
| LEADER |
01174cam a2200301 u 4500 |
| 001 |
10077250 |
| 003 |
upatras |
| 005 |
20210117201957.0 |
| 008 |
090729s1986 gr f gre |
| 020 |
|
|
|a 9602061782
|
| 040 |
|
|
|a GR-PaULI
|c GR-PaULI
|
| 041 |
0 |
|
|a gre
|
| 082 |
1 |
4 |
|a 880.8
|2 EEB
|
| 100 |
0 |
|
|9 34411
|a Ξενοφών,
|d π. 430-π. 350
|
| 240 |
1 |
0 |
|a Κύρου παιδεία
|
| 245 |
1 |
0 |
|a Institutio Cyri
|c Xenophontis; edidit W. Gemoll
|
| 246 |
1 |
3 |
|a Xenophontis Institutio Cyri
|
| 260 |
|
|
|a Αθήνα
|b Παπαδήμας
|c 1986
|
| 300 |
|
|
|a xxiii, 471 σ.
|c 18 εκ.
|
| 490 |
0 |
|
|a Bibliotheca scriptorum graecorum et romanorum Teubneriana
|
| 650 |
|
4 |
|a Ελληνική φιλολογία, Αρχαία
|9 28505
|
| 760 |
0 |
|
|a Bibliotheca scriptorum graecorum et romanorum Teubneriana
|
| 700 |
1 |
|
|9 77705
|a Gemoll, Wilhelm,
|d 1850-1934
|
| 852 |
|
|
|a GR-PaULI
|b ΠΑΤΡΑ
|b ΦΙΛΟΛΟΓΙΑ
|k ΔΑΝΕΙΖ-6
|h 880.8 BSG
|m 004472
|p 025000143588
|t 1
|
| 942 |
|
|
|2 ddc
|
| 952 |
|
|
|0 0
|1 0
|4 0
|6 880_800000000000000_BSG
|7 0
|9 79912
|a LTRT
|b LTRT
|d 2016-04-24
|i 004472
|l 0
|o 880.8 BSG
|p 025000143588
|r 2016-04-24 00:00:00
|t 1
|w 2016-04-24
|
| 998 |
|
|
|c ELIDOC
|d 2009-07
|
| 999 |
|
|
|c 53095
|d 53095
|